| 000 | 00746aam a2200301 4500 | ||
|---|---|---|---|
| 005 | 20240524110638.0 | ||
| 008 | 150624b xxu||||| |||| 00| 0 spa d | ||
| 020 | _a9788493588137 | ||
| 041 | _aESP | ||
| 082 | _a747 B872f | ||
| 100 |
_aBrooker, Graeme _925644 |
||
| 100 |
_aStone, Sally _925646 |
||
| 245 | _aForma + estructura: organización del espacio interior | ||
| 260 | _aEspaña | ||
| 260 | _bPromopress | ||
| 260 | _c2008 | ||
| 300 | _a176 páginas | ||
| 650 | _aDECORACIÓN DE INTERIORES | ||
| 650 | _aESTRUCTURAS BÁSICAS | ||
| 650 | _aPLANTA LIBRE | ||
| 650 | _aHABITACIÓN CERRADA | ||
| 650 | _aLUZ | ||
| 650 | _aENMASCARADO | ||
| 650 | _aENSAMBLADO | ||
| 650 | _aPLANO | ||
| 942 |
_cBK _2ddc |
||
| 999 |
_c3035 _d3035 |
||